000 00670nam a2200241Ia 4500
003 OSt
005 20220925210958.0
006 a|||||r|||| 00| 0
007 ta
008 220923b |||||||| |||| 00| 0 eng d
020 _a8170337569
037 _cGeneral Book
040 _aRTL
_cRTL
_beng
041 _2eng
_aeng
082 _aY:677.2.P, P3
100 _aGore M S
245 0 _aSocial development
_b Challenges faced in an unequal and plural society
260 _aJaipur
_bRawat
_c2003
300 _a397p
_ccm.
650 _aSocial Development
_9230960
942 _hY:677.2.P, P3
_cGB
_2CC
999 _c556391
_d556391